[Event "XXX Coppa d'Oro"]
[Site "Villa Guardia ITA"]
[Date "2012.11.04"]
[Round "5"]
[White "Ciochetta, Giovanni"]
[Black "Squillante, Michele"]
[WhiteElo "1529"]
[BlackElo "1733"]
[Result "0-1"]
[PlyCount "120"]
[EventDate "2012.11.01"]

1. e4 c6 2. d4 d5 3. exd5 cxd5 4. Nf3 Nf6 5. Be2 Bg4 6. O-O e6 7. Bg5 Be7 8.
Nbd2 O-O 9. c3 Nc6 10. b4 a6 11. a4 Qc7 12. Bxf6 Bxf6 13. Bd3 Ne7 14. Qc2 g6
15. h3 Bf5 16. g4 Bxd3 17. Qxd3 Rfc8 18. Rac1 Qd7 19. a5 Rc7 20. Nb3 Nc6 21. g5
Bg7 22. Nc5 Qd8 23. Qe3 Qd6 24. Nd3 Rf8 25. Rfe1 Re7 26. Nfe5 Nxe5 27. dxe5 Qc6
28. Nc5 Rc7 29. f4 Rfc8 30. Re2 Bf8 31. Nd3 Qb5 32. Rec2 Rc4 33. Qd2 Qd7 34.
Nf2 R8c6 35. Ng4 Bg7 36. Qf2 Qc8 37. Ne3 Rxc3 38. Rxc3 Rxc3 39. Rxc3 Qxc3 40.
Nc2 Bf8 41. Kg2 Bxb4 42. Nxb4 Qxb4 43. h4 Qxa5 44. Kg3 Qc3+ 45. Kg4 d4 46. Qg1
b5 47. Qh1 Qc8 48. h5 gxh5+ 49. Qxh5 Qc2 50. Qh1 Qe2+ 51. Kg3 Qd3+ 52. Kg4 Qa3
53. Qa8+ Kg7 54. Qd8 Qc5 55. Qf6+ Kg8 56. Qd8+ Qf8 57. Qxd4 Qb8 58. Qb4 Qc7 59.
Qe4 a5 60. Kh5 Kg7 0-1

[Event "XXX Coppa d'Oro"]
[Site "Villa Guardia ITA"]
[Date "2012.11.04"]
[Round "5"]
[White "Falchi, Claudio"]
[Black "Guzzetti, Luigi Enrico"]
[WhiteElo "1859"]
[BlackElo "1923"]
[Result "1/2-1/2"]
[PlyCount "142"]
[EventDate "2012.11.01"]

1. e4 c5 2. Nc3 e6 3. g3 Nc6 4. Bg2 Nf6 5. d3 Be7 6. f4 d6 7. Nf3 O-O 8. O-O
Qc7 9. h3 a6 10. g4 b5 11. Qe1 b4 12. Ne2 Bb7 13. f5 exf5 14. gxf5 d5 15. exd5
Nxd5 16. Ng5 Bxg5 17. Bxg5 Nd4 18. Nxd4 cxd4 19. Qh4 Ne3 20. Bxe3 dxe3 21. f6
gxf6 22. Bxb7 Qxb7 23. Rf4 Qb6 24. Rxb4 Qd6 25. Rd4 Qb6 26. Rb4 Qd6 27. Rf4
Rfb8 28. Rxf6 Qc5 29. Kh1 Qd5+ 30. Kh2 Qe5+ 31. Kh1 Qd5+ 32. Kh2 Rxb2 33. Rg1+
Kh8 34. Rg2 Qe5+ 35. Qf4 Qxf4+ 36. Rxf4 Re8 37. Re2 Rxa2 38. Rc4 a5 39. Kg3 a4
40. Kf3 a3 41. Ra4 Kg7 42. c4 Ra1 43. c5 Rf1+ 44. Kg2 Rf5 45. d4 Kf6 46. Rxa3
Rg8+ 47. Kh2 Rd8 48. Rd3 Rxc5 49. Rexe3 Rc2+ 50. Kg3 Rd5 51. Rf3+ Kg6 52. Kf4
Rc4 53. Ke4 Rg5 54. Rg3 h6 55. Rxg5+ hxg5 56. Kd5 Rc8 57. Kd6 f5 58. d5 Kf6 59.
Kd7 Ra8 60. d6 g4 61. hxg4 fxg4 62. Kc7 Kf5 63. d7 Ra7+ 64. Kd6 Rxd7+ 65. Kxd7
Kf4 66. Ke6 g3 67. Rd4+ Kf3 68. Kf5 g2 69. Rd3+ Ke2 70. Rg3 Kf2 71. Kf4 g1=Q
1/2-1/2

[Event "XXX Coppa d'Oro"]
[Site "Villa Guardia ITA"]
[Date "2012.11.04"]
[Round "5"]
[White "Fantina, Carla"]
[Black "Puppi, Simone"]
[WhiteElo "1485"]
[BlackElo "1551"]
[Result "0-1"]
[PlyCount "76"]
[EventDate "2012.11.01"]

1. c4 c5 2. Nc3 Nc6 3. g3 g6 4. Bg2 Bg7 5. e3 e6 6. Nge2 Nge7 7. O-O O-O 8. d4
cxd4 9. exd4 d5 10. cxd5 exd5 11. Be3 Be6 12. Nf4 Qd7 13. Nxe6 fxe6 14. Rb1 Rf7
15. Na4 b6 16. b3 Raf8 17. Qd2 Nf5 18. Nb2 Nfxd4 19. Nd3 e5 20. f4 e4 21. Ne1
Nf5 22. Nc2 Nxe3 23. Nxe3 d4 24. Rfd1 Re7 25. a3 Rd8 26. Nc4 b5 27. Na5 Nxa5
28. Qxa5 d3 29. Qe1 e3 30. a4 a6 31. Bf1 e2 32. Rdc1 exf1=Q+ 33. Qxf1 Re2 34.
Qf3 Bd4+ 35. Kh1 Qh3 36. Qxe2 dxe2 37. Re1 Qg4 38. Rg1 Bxg1 0-1

[Event "XXX Coppa d'Oro"]
[Site "Villa Guardia ITA"]
[Date "2012.11.04"]
[Round "5"]
[White "Ghelfi, Giancarlo"]
[Black "Napoli, Ferdinando"]
[WhiteElo "1657"]
[BlackElo "1732"]
[Result "0-1"]
[PlyCount "54"]
[EventDate "2012.11.01"]

1. e4 c5 2. Nf3 d6 3. d4 cxd4 4. Nxd4 Nf6 5. Nc3 a6 6. Bg5 e6 7. f4 Be7 8. Qf3
Qc7 9. O-O-O Nbd7 10. Bd3 b5 11. Rde1 Bb7 12. Qg3 b4 13. Nd5 Nxd5 14. exd5 Bxd5
15. Bxe7 Kxe7 16. Qg5+ Kf8 17. Kb1 Qd8 18. Qg3 Qf6 19. Be4 Bxe4 20. Rxe4 d5 21.
Re2 g6 22. Nc6 Kg7 23. Nxb4 Rab8 24. c3 Nc5 25. Nc6 Rb7 26. Qf2 Ne4 27. Qd4
Nxc3+ 0-1

[Event "XXX Coppa d'Oro"]
[Site "Villa Guardia ITA"]
[Date "2012.11.04"]
[Round "5"]
[White "Gonella, Daniele"]
[Black "Rossi, Giampiero"]
[WhiteElo "2148"]
[BlackElo "1884"]
[Result "1-0"]
[PlyCount "59"]
[EventDate "2012.11.01"]

1. e4 c5 2. Nc3 e6 3. g3 Nc6 4. Bg2 Nf6 5. f4 d6 6. Nf3 Be7 7. O-O O-O 8. d3 a6
9. h3 Qc7 10. g4 Bd7 11. Qe1 Rfc8 12. f5 Bf8 13. Qh4 Ne8 14. Ng5 h6 15. Nxf7
Be7 16. g5 Nd4 17. f6 hxg5 18. Qh8+ Kxf7 19. fxe7+ Nf6 20. Qh5+ Kxe7 21. Bxg5
Rf8 22. Rf2 Rf7 23. Raf1 Raf8 24. Qg6 Bc6 25. h4 e5 26. h5 Ne6 27. h6 Nxg5 28.
hxg7 Rg8 29. Qxg5 Rgxg7 30. Rxf6 1-0

[Event "XXX Coppa d'Oro"]
[Site "Villa Guardia ITA"]
[Date "2012.11.04"]
[Round "5"]
[White "Gonella, Graziano"]
[Black "Bernocchi, Luca"]
[WhiteElo "1202"]
[BlackElo "1437"]
[Result "0-1"]
[PlyCount "88"]
[EventDate "2012.11.01"]

1. e4 e5 2. Nf3 Nc6 3. Bb5 a6 4. Ba4 Nge7 5. O-O d6 6. Nc3 Bd7 7. Bb3 Ng6 8. d4
Be7 9. dxe5 dxe5 10. Nd5 O-O 11. Nxe7+ Qxe7 12. c4 Qf6 13. Qc2 Nd4 14. Nxd4
exd4 15. Rd1 Nh4 16. Qd2 Bg4 17. Qf4 Bxd1 18. Qxf6 gxf6 19. Bxd1 Kh8 20. g3 Ng6
21. f4 Ne7 22. b3 Rfe8 23. Bc2 Nc6 24. a3 b5 25. cxb5 axb5 26. Bd3 b4 27. Kg2
bxa3 28. Bb5 Re6 29. f5 Rd6 30. Bf4 Nb4 31. Bxd6 cxd6 32. Bc4 Nc2 33. Ra2 d3
34. Bb5 d2 35. Be2 Ne3+ 36. Kf2 d1=Q 37. Bxd1 Nxd1+ 38. Kf3 Nc3 39. Rc2 a2 40.
Rxc3 a1=Q 41. Rd3 Rc8 42. Rxd6 Qf1+ 43. Kg4 Rg8+ 44. Kh5 Qh3# 0-1

[Event "XXX Coppa d'Oro"]
[Site "Villa Guardia ITA"]
[Date "2012.11.04"]
[Round "5"]
[White "Laricini, Alberto"]
[Black "Aldeghi, Damiano"]
[WhiteElo "1816"]
[BlackElo "1405"]
[Result "1-0"]
[PlyCount "103"]
[EventDate "2012.11.01"]

1. d4 d5 2. Nf3 Nc6 3. c4 Nf6 4. Nc3 e6 5. Bg5 Be7 6. e3 O-O 7. Be2 b6 8. O-O
Ba6 9. Qa4 Na5 10. b4 Bxc4 11. bxa5 b5 12. Qc2 c6 13. Bxc4 dxc4 14. e4 Qxa5 15.
e5 b4 16. exf6 gxf6 17. Bh6 bxc3 18. Bxf8 Bxf8 19. Rab1 Bb4 20. Rfe1 Rd8 21.
Re4 c5 22. Rh4 f5 23. Rd1 Qc7 24. dxc5 Rxd1+ 25. Qxd1 Qxc5 26. Qd8+ Kg7 27.
Qd4+ Qxd4 28. Nxd4 Be7 29. Rh3 Bf6 30. Nc2 a5 31. a4 f4 32. Rf3 Be5 33. g3 fxg3
34. hxg3 h5 35. Re3 Bf6 36. Re4 Kf8 37. Rxc4 Ke7 38. Rc5 Kd6 39. Rxa5 Bd8 40.
Ra8 Bc7 41. Kf1 Kd5 42. Ke2 Kc4 43. Rc8 Kb3 44. Kd3 Ba5 45. Rc5 Kxa4 46. Rxh5
f5 47. Rh4+ Kb3 48. Rc4 e5 49. f3 Kb2 50. Ne3 Kb3 51. Nxf5 Kb2 52. Ne3 1-0

[Event "XXX Coppa d'Oro"]
[Site "Villa Guardia ITA"]
[Date "2012.11.04"]
[Round "5"]
[White "Nipote, Mario"]
[Black "Corti, Filippo"]
[WhiteElo "1518"]
[BlackElo "1657"]
[Result "1-0"]
[PlyCount "79"]
[EventDate "2012.11.01"]

1. d4 Nf6 2. c4 g6 3. Nc3 Bg7 4. e4 d6 5. Nf3 O-O 6. Be2 Nbd7 7. O-O e5 8. d5
Nc5 9. Nd2 a5 10. Re1 Ne8 11. Bf1 f5 12. Nb3 Nxe4 13. Nxe4 fxe4 14. Rxe4 Bf5
15. Re1 Nf6 16. Bg5 h6 17. Bh4 g5 18. Bg3 Ne4 19. Rc1 Nxg3 20. hxg3 Qf6 21. f3
b6 22. g4 Bxg4 23. fxg4 Qf2+ 24. Kh1 Qh4+ 25. Kg1 Qf2+ 26. Kh1 Rf4 27. Rc3 Qxb2
28. Rc2 Qa3 29. Re3 a4 30. Rf3 axb3 31. axb3 Qc5 32. Rcf2 Raf8 33. g3 R4f7 34.
Rxf7 Rxf7 35. Rxf7 Kxf7 36. Qf3+ Kg8 37. Bd3 Qd4 38. Bg6 e4 39. Qf7+ Kh8 40.
Qe8+ 1-0

[Event "XXX Coppa d'Oro"]
[Site "Villa Guardia ITA"]
[Date "2012.11.04"]
[Round "5"]
[White "Orlando, Luigi"]
[Black "Valsecchi, Luca"]
[WhiteElo "1873"]
[BlackElo "1823"]
[Result "1-0"]
[PlyCount "63"]
[EventDate "2012.11.01"]

1. Nf3 Nf6 2. g3 g6 3. Bg2 Bg7 4. O-O O-O 5. d3 d5 6. Nbd2 Nbd7 7. e4 dxe4 8.
dxe4 e5 9. Qe2 Qe7 10. b3 b6 11. Nc4 Bb7 12. Nfd2 Ne8 13. Bb2 f5 14. Ne3 Nef6
15. exf5 Bxg2 16. Kxg2 g5 17. Nf3 Ne8 18. Qc4+ Kh8 19. Qe6 Qxe6 20. fxe6 Nc5
21. Nxg5 h6 22. Nf7+ Kh7 23. Nxe5 Nxe6 24. Nd3 Rd8 25. Bxg7 N8xg7 26. Rad1 Nd4
27. Nf4 Rfe8 28. Rd3 Ngf5 29. Nxf5 Nxf5 30. Rfd1 Nd6 31. Nd5 Ne4 32. Nf6+ 1-0

[Event "XXX Coppa d'Oro"]
[Site "Villa Guardia ITA"]
[Date "2012.11.04"]
[Round "5"]
[White "Poletto, Daniele"]
[Black "Paniga, Danilo"]
[WhiteElo "1732"]
[BlackElo "1849"]
[Result "0-1"]
[PlyCount "82"]
[EventDate "2012.11.01"]

1. c4 f5 2. g3 Nf6 3. Bg2 g6 4. Nc3 Bg7 5. d3 d6 6. e3 O-O 7. Nge2 Qe8 8. O-O
c6 9. Rb1 e5 10. b4 Na6 11. b5 Nc5 12. bxc6 bxc6 13. Ba3 e4 14. d4 Nd3 15. Bxd6
Rf7 16. Nc1 Rd7 17. c5 Ba6 18. Qb3+ Kh8 19. Rd1 Bf8 20. Bxf8 Qxf8 21. Nxd3 Bxd3
22. Rxd3 exd3 23. Bxc6 Rad8 24. Bxd7 Rxd7 25. Qb8 Rd8 26. Qxa7 Ne4 27. Nxe4
fxe4 28. Qc7 Re8 29. Qf4 Qe7 30. Qe5+ Qxe5 31. dxe5 Rxe5 32. Rc1 Kg7 33. c6 Re8
34. Kg2 Kf6 35. f3 Ke5 36. fxe4 Kxe4 37. Rd1 Rc8 38. Kf2 Rxc6 39. Rb1 Rc2+ 40.
Ke1 Kxe3 41. a4 Rxh2 0-1

[Event "XXX Coppa d'Oro"]
[Site "Villa Guardia ITA"]
[Date "2012.11.04"]
[Round "5"]
[White "Primerano, Carlo"]
[Black "Bernasconi, Roberto"]
[WhiteElo "1746"]
[BlackElo "1954"]
[Result "1/2-1/2"]
[PlyCount "63"]
[EventDate "2012.11.01"]

1. Nf3 d5 2. g3 f5 3. Bg2 Nf6 4. d3 g6 5. O-O Bg7 6. Nbd2 O-O 7. Re1 c6 8. e4
e6 9. exd5 exd5 10. c3 f4 11. Nb3 fxg3 12. fxg3 Bg4 13. Qc2 Bxf3 14. Bxf3 Nfd7
15. Bg2 Ne5 16. Kh1 Nbd7 17. Bf4 g5 18. Bxe5 Nxe5 19. Rf1 Qd6 20. d4 Ng4 21.
Qe2 Nf6 22. Rae1 Rae8 23. Qd1 h5 24. Rxe8 Rxe8 25. Re1 Re7 26. Bf3 g4 27. Bg2
Bh6 28. Nc5 Kg7 29. Nd3 Nd7 30. Rxe7+ Qxe7 31. Qe1 Qxe1+ 32. Nxe1 1/2-1/2

[Event "XXX Coppa d'Oro"]
[Site "Villa Guardia ITA"]
[Date "2012.11.04"]
[Round "5"]
[White "Revinelli, Sergio"]
[Black "Grassetto, Gilberto"]
[WhiteElo "1827"]
[BlackElo "1861"]
[Result "0-1"]
[PlyCount "109"]
[EventDate "2012.11.01"]

1. e4 c5 2. Nf3 d6 3. d4 cxd4 4. Nxd4 Nf6 5. Nc3 a6 6. Be2 e6 7. a4 Be7 8. O-O
O-O 9. Be3 Nbd7 10. f4 Qc7 11. Bf3 Rb8 12. Kh1 b6 13. Re1 Bb7 14. Bf2 Rfe8 15.
Nb3 Rbd8 16. Qe2 Qc8 17. Rad1 Nc5 18. Bg3 Qa8 19. Nd2 d5 20. e5 Nfe4 21. Ndxe4
dxe4 22. Rxd8 Rxd8 23. Nxe4 Nxa4 24. c3 Nc5 25. Nxc5 Bxf3 26. gxf3 Bxc5 27. b4
Bf8 28. Bf2 Qb7 29. Ra1 b5 30. Kg2 Be7 31. Bd4 Ra8 32. Qe4 Qxe4 33. fxe4 g6 34.
Kf3 Kf8 35. Kg4 Ke8 36. Bb6 Kd7 37. Bd4 Kc6 38. h3 Bd8 39. Ra2 Bb6 40. Bxb6
Kxb6 41. Kg5 h5 42. f5 gxf5 43. exf5 Kc6 44. fxe6 fxe6 45. Kf6 Kd5 46. Rd2+ Kc4
47. Kxe6 Kxc3 48. Rd7 a5 49. Kf7 a4 50. e6 a3 51. Kg6 a2 52. Rd1 Re8 53. Kf7
Rxe6 54. Kxe6 Kc4 55. Kd6 0-1

[Event "XXX Coppa d'Oro"]
[Site "Villa Guardia ITA"]
[Date "2012.11.04"]
[Round "5"]
[White "Ronconi, Fausto"]
[Black "Carbone, Lorenzo"]
[WhiteElo "1709"]
[BlackElo "1749"]
[Result "0-1"]
[PlyCount "74"]
[EventDate "2012.11.01"]

1. d4 d5 2. c4 e6 3. Nc3 Nf6 4. Bg5 Be7 5. e3 O-O 6. Nf3 h6 7. Bh4 b6 8. cxd5
exd5 9. Bd3 Bb7 10. O-O Nbd7 11. Rc1 Rc8 12. Qc2 c5 13. Qe2 Ne4 14. Bxe7 Nxc3
15. Rxc3 Qxe7 16. dxc5 Rxc5 17. Rfc1 Rfc8 18. Rxc5 Rxc5 19. Rxc5 Qxc5 20. Qc2
Kf8 21. Nd4 Ne5 22. Nb3 Qxc2 23. Bxc2 Nc4 24. Nd4 Nxb2 25. Nb5 a6 26. Nc7 Ke7
27. Bb3 Nc4 28. e4 b5 29. Nxd5+ Bxd5 30. exd5 Kd6 31. f3 Kxd5 32. Kf2 Kd4 33.
Ke2 f6 34. f4 a5 35. g3 Kc3 36. h4 a4 37. Bd1 Nb2 0-1

[Event "XXX Coppa d'Oro"]
[Site "Villa Guardia ITA"]
[Date "2012.11.04"]
[Round "6"]
[White "Bernasconi, Roberto"]
[Black "Gonella, Daniele"]
[WhiteElo "1954"]
[BlackElo "2148"]
[Result "1/2-1/2"]
[PlyCount "137"]
[EventDate "2012.11.01"]

1. e4 c5 2. Nf3 e6 3. d4 cxd4 4. Nxd4 Nc6 5. c4 Nf6 6. Nc3 e5 7. Nf5 d6 8. Ne3
Be7 9. Be2 O-O 10. O-O b6 11. Ned5 Bb7 12. Be3 Qd7 13. Rc1 Nd8 14. f3 Ne6 15.
b4 Kh8 16. Qd2 Bc6 17. Rfd1 Rad8 18. Bf1 Rg8 19. g4 g5 20. Qf2 Nf4 21. Nxf6
Bxf6 22. c5 bxc5 23. bxc5 Be7 24. cxd6 Bxd6 25. Bxa7 Qe7 26. Ne2 Ba4 27. Rd2
Ba3 28. Rxd8 Rxd8 29. Bc5 Bxc5 30. Qxc5 Qxc5+ 31. Rxc5 Nxe2+ 32. Bxe2 Rd2 33.
Kf1 f6 34. a3 Ra2 35. Rc3 Kg7 36. h3 Kg6 37. Ke1 h5 38. Kf1 h4 39. Ke1 Ra1+ 40.
Kf2 Ra2 41. Ke1 Kg7 42. Kf1 Kf8 43. Ke1 Ke7 44. Kf1 Kd6 45. Ke1 Ra1+ 46. Kf2
Bc6 47. Kg2 Rb1 48. Kf2 Rb2 49. Ke1 Rb1+ 50. Kf2 Kc7 51. a4 Kb7 52. a5 Bb5 53.
Bxb5 Rxb5 54. Ra3 Rb2+ 55. Kg1 Ka6 56. Kh1 Rb5 57. Kg2 Rxa5 58. Rxa5+ Kxa5 59.
Kf2 Kb4 60. Ke2 Kc4 61. Kd2 Kb4 62. Kc2 Kc4 63. Kd2 Kd4 64. Ke2 Kc3 65. Ke3 Kb4
66. Ke2 Ka3 67. Ke3 Ka4 68. Kd2 Kb4 69. Ke2 1/2-1/2

[Event "XXX Coppa d'Oro"]
[Site "Villa Guardia ITA"]
[Date "2012.11.04"]
[Round "6"]
[White "Bernocchi, Luca"]
[Black "Ronconi, Fausto"]
[WhiteElo "1437"]
[BlackElo "1709"]
[Result "0-1"]
[PlyCount "60"]
[EventDate "2012.11.01"]

1. e4 e6 2. Qe2 c5 3. f4 Be7 4. d3 Nc6 5. Nf3 b6 6. Be3 Nf6 7. Nc3 Ba6 8. g3 d5
9. e5 d4 10. exf6 Bxf6 11. Bxd4 cxd4 12. Ne4 Be7 13. Bg2 Rc8 14. a3 b5 15. O-O
b4 16. axb4 Nxb4 17. c4 dxc3 18. Nxc3 Bxd3 19. Qe1 Bxf1 20. Bxf1 Bc5+ 21. Kh1
Nc2 22. Qc1 Nxa1 23. Qxa1 O-O 24. Qb1 Bd4 25. Ng5 g6 26. Nge4 Bxc3 27. Nxc3 Qd2
28. Ne4 Qe3 29. Bg2 Rc1+ 30. Qxc1 Qxc1+ 0-1

[Event "XXX Coppa d'Oro"]
[Site "Villa Guardia ITA"]
[Date "2012.11.04"]
[Round "6"]
[White "Corti, Filippo"]
[Black "Ghelfi, Giancarlo"]
[WhiteElo "1657"]
[BlackElo "1657"]
[Result "1-0"]
[PlyCount "51"]
[EventDate "2012.11.01"]

1. Nf3 Nf6 2. g3 g6 3. Bg2 Bg7 4. d3 d6 5. O-O O-O 6. e4 Nbd7 7. Nc3 a6 8. h3
Rb8 9. Be3 c5 10. Qd2 Re8 11. Rab1 Nf8 12. Bh6 Bh8 13. Ng5 Ne6 14. f4 Nh5 15.
Kh2 Bg7 16. Bxg7 Nhxg7 17. f5 Nxg5 18. Qxg5 e6 19. f6 e5 20. Qh6 Nh5 21. Nd5
Re6 22. Ne7+ Kh8 23. Nd5 Nxf6 24. Nxf6 Rxf6 25. Rxf6 Qxf6 26. Qf8# 1-0

[Event "XXX Coppa d'Oro"]
[Site "Villa Guardia ITA"]
[Date "2012.11.04"]
[Round "6"]
[White "Grassetto, Gilberto"]
[Black "Carbone, Lorenzo"]
[WhiteElo "1861"]
[BlackElo "1749"]
[Result "1-0"]
[PlyCount "111"]
[EventDate "2012.11.01"]

1. d4 d5 2. Nf3 Nf6 3. a3 e6 4. e3 Be7 5. c4 O-O 6. Nbd2 b6 7. Qc2 Bb7 8. b4 a5
9. b5 Nbd7 10. a4 Ne4 11. Nxe4 dxe4 12. Nd2 f5 13. Nb3 c5 14. Bb2 Rc8 15. O-O-O
Qc7 16. g3 Nf6 17. h3 Rfd8 18. Be2 h5 19. dxc5 bxc5 20. Bxf6 Bxf6 21. Bxh5 Qe7
22. Be2 Qc7 23. Rxd8+ Rxd8 24. Rd1 Kf7 25. Rxd8 Bxd8 26. Qd2 g6 27. h4 Bf6 28.
Qxa5 Qe5 29. Qd2 Bc8 30. a5 Qc7 31. b6 Qc6 32. Qc2 Qa4 33. Kb1 Qb4 34. Bd1 Qa4
35. Be2 Qb4 36. Bd1 Qa4 37. h5 gxh5 38. Bxh5+ Kg7 39. Kc1 Qb4 40. Kd1 Ba6 41.
Be2 Bc8 42. g4 Bd7 43. Kc1 Ba4 44. Bd1 Qa3+ 45. Kb1 Qb4 46. gxf5 exf5 47. Ka2
Bxb3+ 48. Qxb3 Qxa5+ 49. Kb1 Be5 50. b7 Qa7 51. Kc2 Kf7 52. Kd2 Ke7 53. Qb5 Qb8
54. Qxc5+ Bd6 55. Qc6 Qa7 56. Ba4 1-0

[Event "XXX Coppa d'Oro"]
[Site "Villa Guardia ITA"]
[Date "2012.11.04"]
[Round "6"]
[White "Loukili, Ibrahim"]
[Black "Fantina, Carla"]
[WhiteElo "1467"]
[BlackElo "1485"]
[Result "0-1"]
[PlyCount "28"]
[EventDate "2012.11.01"]

1. e4 d6 2. Nf3 Nf6 3. Nc3 g6 4. d4 Bg7 5. Be3 Ng4 6. Qd2 Nxe3 7. Qxe3 O-O 8.
O-O-O h5 9. d5 c6 10. dxc6 Nxc6 11. Ne2 Qa5 12. Nfd4 Qxa2 13. Qb3 Bh6+ 14. Rd2
Qa1# 0-1

[Event "XXX Coppa d'Oro"]
[Site "Villa Guardia ITA"]
[Date "2012.11.04"]
[Round "6"]
[White "Napoli, Ferdinando"]
[Black "Valsecchi, Luca"]
[WhiteElo "1732"]
[BlackElo "1823"]
[Result "0-1"]
[PlyCount "40"]
[EventDate "2012.11.01"]

1. b3 e5 2. Bb2 d6 3. c4 Nf6 4. Nc3 Nc6 5. e3 Bf5 6. d3 Be7 7. Nf3 O-O 8. Qd2
a6 9. Be2 Re8 10. O-O h6 11. Nd5 Nxd5 12. cxd5 Nb8 13. Rac1 Nd7 14. d4 Bg4 15.
Qc3 Rc8 16. Rfe1 c6 17. dxc6 Rxc6 18. Qd2 Bxf3 19. Rxc6 Bxe2 20. Rc2 Bg4 0-1

[Event "XXX Coppa d'Oro"]
[Site "Villa Guardia ITA"]
[Date "2012.11.04"]
[Round "6"]
[White "Paniga, Danilo"]
[Black "Guzzetti, Luigi Enrico"]
[WhiteElo "1849"]
[BlackElo "1923"]
[Result "1-0"]
[PlyCount "59"]
[EventDate "2012.11.01"]

1. d4 Nf6 2. Nf3 g6 3. Nbd2 Bg7 4. e4 d6 5. Bd3 O-O 6. O-O c6 7. c3 Qc7 8. Re1
Nbd7 9. Qc2 e5 10. dxe5 Nxe5 11. Nxe5 dxe5 12. a4 Be6 13. b4 Rfd8 14. Bf1 Nh5
15. a5 Nf4 16. Nc4 Rd7 17. Be3 Bxc4 18. Bxc4 Bf8 19. g3 Nh5 20. Red1 Rxd1+ 21.
Rxd1 c5 22. Qb3 b6 23. Bd5 Rc8 24. axb6 axb6 25. b5 Nf6 26. c4 Kg7 27. Bg5 Ng8
28. Bc6 Qb8 29. Rd7 h6 30. Qf3 1-0

[Event "XXX Coppa d'Oro"]
[Site "Villa Guardia ITA"]
[Date "2012.11.04"]
[Round "6"]
[White "Primerano, Carlo"]
[Black "Cairoli, Camillo"]
[WhiteElo "1746"]
[BlackElo "1939"]
[Result "1-0"]
[PlyCount "71"]
[EventDate "2012.11.01"]

1. d4 Nf6 2. c4 g6 3. Nc3 Bg7 4. e4 d6 5. f3 Nbd7 6. Nh3 c6 7. Be3 e5 8. d5 Qe7
9. Qd2 O-O 10. g4 Ne8 11. Nf2 f5 12. gxf5 gxf5 13. Bg5 Ndf6 14. O-O-O Rf7 15.
dxc6 bxc6 16. Bd3 f4 17. Rdg1 Kh8 18. Ng4 Qc7 19. Nh6 Bxh6 20. Bxh6 Ng8 21. Bg5
Be6 22. Bh4 d5 23. cxd5 cxd5 24. Kb1 d4 25. Nd5 Qb7 26. Rg5 Bxd5 27. exd5 Qc7
28. Rhg1 Nef6 29. Qg2 Rb8 30. Rc1 Qa5 31. Rxe5 Nxd5 32. Rxd5 Qxd5 33. Bc4 Qf5+
34. Ka1 Rg7 35. Qf2 Rd8 36. Bxd8 1-0

[Event "XXX Coppa d'Oro"]
[Site "Villa Guardia ITA"]
[Date "2012.11.04"]
[Round "6"]
[White "Puppi, Simone"]
[Black "Ciochetta, Giovanni"]
[WhiteElo "1551"]
[BlackElo "1529"]
[Result "1-0"]
[PlyCount "75"]
[EventDate "2012.11.01"]

1. e4 e5 2. Nf3 Nf6 3. Nc3 d6 4. d4 exd4 5. Nxd4 Be7 6. Bc4 O-O 7. O-O a6 8. a3
Bd7 9. Nf5 Bxf5 10. exf5 b5 11. Bb3 c6 12. Re1 d5 13. Ne2 Ne4 14. c3 Qc8 15.
Nd4 Bf6 16. Bc2 Nd6 17. Bf4 Qd7 18. Re3 Bxd4 19. Qxd4 Nxf5 20. Bxf5 Qxf5 21.
Rg3 f6 22. Re1 Nd7 23. h3 Rf7 24. Rge3 g5 25. Bd6 Kg7 26. g4 Qg6 27. Re7 Raf8
28. Qa7 Ne5 29. Bxe5 fxe5 30. R1xe5 Kg8 31. Rxf7 Rxf7 32. Qxa6 Qb1+ 33. Kg2 Qg6
34. Qc8+ Kg7 35. Qe8 h6 36. Re7 Qf6 37. Rxf7+ Qxf7 38. Qxc6 1-0

[Event "XXX Coppa d'Oro"]
[Site "Villa Guardia ITA"]
[Date "2012.11.04"]
[Round "6"]
[White "Raineri, Valerio"]
[Black "Orlando, Luigi"]
[WhiteElo "2142"]
[BlackElo "1873"]
[Result "1-0"]
[PlyCount "87"]
[EventDate "2012.11.01"]

1. e4 d6 2. d4 Nf6 3. Nc3 g6 4. Be3 Bg7 5. f3 O-O 6. Qd2 e5 7. d5 a5 8. O-O-O
Na6 9. Nge2 a4 10. g4 b5 11. Nxb5 Bd7 12. c4 Bxb5 13. cxb5 Nc5 14. Bxc5 dxc5
15. Nc3 Qd6 16. Kb1 Nd7 17. Rc1 Nb6 18. Nd1 f5 19. g5 fxe4 20. fxe4 Rf4 21. Qc2
Raf8 22. Ne3 Rf2 23. Qxc5 a3 24. Qxa3 Qd7 25. Qb3 Kh8 26. Bc4 R8f3 27. a4 Qh3
28. Rhe1 Bf8 29. a5 Nd7 30. b6 cxb6 31. Bf1 Rxf1 32. Rxf1 Bc5 33. Rxf3 Qxf3 34.
Re1 bxa5 35. Ka2 Bb4 36. Rc1 Nc5 37. Rxc5 Bxc5 38. Qb8+ Bf8 39. Qxe5+ Kg8 40.
Qe6+ Kg7 41. Ng4 a4 42. Qf6+ Qxf6 43. gxf6+ Kf7 44. e5 1-0

[Event "XXX Coppa d'Oro"]
[Site "Villa Guardia ITA"]
[Date "2012.11.04"]
[Round "6"]
[White "Revinelli, Sergio"]
[Black "Nipote, Mario"]
[WhiteElo "1827"]
[BlackElo "1518"]
[Result "1-0"]
[PlyCount "109"]
[EventDate "2012.11.01"]

1. e4 c6 2. d4 d5 3. Nc3 dxe4 4. Nxe4 Nf6 5. Ng5 e6 6. Bc4 Be7 7. Ne2 O-O 8.
O-O h6 9. Nf3 Nbd7 10. h3 b6 11. Bf4 Nd5 12. Bh2 Bb7 13. Re1 Rc8 14. a4 c5 15.
Ba2 cxd4 16. Nexd4 a6 17. c3 N7f6 18. Ne5 Bd6 19. Ndf3 Qc7 20. Qe2 Rfe8 21.
Rad1 Rcd8 22. Bb1 Nd7 23. Nxd7 Bxh2+ 24. Nxh2 Qxd7 25. Qc2 g6 26. c4 Rc8 27.
Qc3 Qc6 28. cxd5 exd5 29. Nf3 Red8 30. Nd4 Qf6 31. Qf3 Kg7 32. Qxf6+ Kxf6 33.
b3 Re8 34. Rxe8 Rxe8 35. Kf1 Re7 36. g3 h5 37. Nf3 Rd7 38. Bc2 Rc7 39. Rd2 Rc3
40. Nd4 Ke5 41. Ne2 Rc5 42. f4+ Kd6 43. Kf2 Bc8 44. Kg2 Bf5 45. Bxf5 gxf5 46.
Nd4 Ke7 47. Nxf5+ Kf6 48. Ne3 Ke6 49. Rd3 f6 50. g4 hxg4 51. hxg4 a5 52. Kf3 b5
53. axb5 Rxb5 54. Kg3 Rc5 55. Nf5 1-0

[Event "XXX Coppa d'Oro"]
[Site "Villa Guardia ITA"]
[Date "2012.11.04"]
[Round "6"]
[White "Rossi, Giampiero"]
[Black "Laricini, Alberto"]
[WhiteElo "1884"]
[BlackElo "1816"]
[Result "1/2-1/2"]
[PlyCount "112"]
[EventDate "2012.11.01"]

1. d4 d5 2. c4 e6 3. Nc3 Nf6 4. cxd5 exd5 5. Bg5 Be7 6. e3 c6 7. Qc2 h6 8. Bh4
O-O 9. Bd3 Nbd7 10. Nge2 c5 11. O-O cxd4 12. Nxd4 Nc5 13. Nf5 Nxd3 14. Nxe7+
Qxe7 15. Qxd3 Be6 16. Rfd1 Rad8 17. Qd4 a6 18. Rac1 g5 19. Bg3 Nh5 20. Rd2 Nxg3
21. hxg3 Rd7 22. a3 Rfd8 23. Rcd1 f6 24. Qb4 Qxb4 25. axb4 b5 26. Ra1 Rd6 27.
Ne2 Kf7 28. Nd4 Rc8 29. b3 Rc7 30. Rc2 Rxc2 31. Nxc2 Bc8 32. Nd4 Rd7 33. Rc1
Bb7 34. Rc5 h5 35. Kf1 Ke7 36. Ke2 Kd8 37. Kd3 Ke7 38. f3 Kf7 39. Ne2 f5 40.
Kd4 Ke6 41. Rc1 Rh7 42. Rh1 Bc6 43. Nc1 Kd6 44. Nd3 Bd7 45. f4 g4 46. Rc1 Bc6
47. Nc5 h4 48. Rh1 h3 49. gxh3 Rxh3 50. Rxh3 gxh3 51. Nd3 Bd7 52. Nf2 h2 53.
Kd3 Ke7 54. Kd4 Kd6 55. Nh1 Bc8 56. Nf2 Bd7 1/2-1/2